000 00542nam a2200229Ia 4500
003 OSt
005 20220924142524.0
006 a|||||r|||| 00| 0
007 ta
008 ASM
024 _a302304
037 _cTextual
040 _aARTS
_cARTS
_bASM
041 _2ASM
_aASM
082 _aO158,3NTA1x1, L7
100 _aTamulei
_9213556
245 0 _aPatha berafar patha
260 _c1977
650 _aASSAMESE LITERATURE
_911738
942 _hO158,3NTA1x1, L7
_cTEXL
_2CC
999 _c451026
_d451026